Security in Europe (Record no. 212470)

MARC details
000 -LEADER
fixed length control field 00374nam a2200157Ia 4500
008 - FIXED-LENGTH DATA ELEMENTS--GENERAL INFORMATION
fixed length control field 230917s9999||||xx |||||||||||||| ||und||
020 ## - ISBN
Price POU7.95
040 ## - CATALOGING SOURCE
-- 8631
Original cataloging agency VIVEKANANDA LIBRARY
041 ## - Language
-- English
082 ## - DDC NUMBER
Classification number 327.116 H918S
100 ## - MAIN ENTRY--PERSONAL NAME
Personal name Hunter, Robert
245 #0 - TITLE STATEMENT
Title Security in Europe
260 ## - PUBLICATION, DISTRIBUTION, ETC. (IMPRINT)
Place of publication, distribution, etc Great Britain
Name of publisher, distributor, etc Paul Elek
Date of publication, distribution, etc 1972
300 ## - PHYSICAL DESCRIPTION
Pages xi, 281 p.
942 ## - ADDED ENTRY ELEMENTS (KOHA)
Koha item type Books
Holdings
Withdrawn status Lost status Damaged status Not for loan Location (home branch) Sublocation or collection (holding branch) Date acquired Koha issues (times borrowed) Koha full call number Accession No. Koha date last seen Koha item type
        VIVEKANANDA LIBRARY VIVEKANANDA LIBRARY 08/08/2002   327.116 H918S 75634 17/09/2023 Books
© Designed and Maintained by Vivekananda Library, MDU Rohtak